Marketing management / (Record no. 27411)

MARC details
000 -LEADER
fixed length control field 00990naa a2200265 4500
005 - DATE AND TIME OF LATEST TRANSACTION
control field 20090613134928.0
008 - FIXED-LENGTH DATA ELEMENTS--GENERAL INFORMATION
fixed length control field 090613t xxu||||| |||| 00| 0 eng d
010 ## - LCCN (DPL NO)
LC control number ENG-93973
020 ## - INTERNATIONAL STANDARD BOOK NUMBER
International Standard Book Number 9788180546082
Terms of availability 235.00
035 ## - SYSTEM CONTROL NUMBER
System control number EN-77506
037 ## - SOURCE OF ACQUISITION
Source of stock number/acquisition DBAD / PUB
040 ## - CATALOGING SOURCE
Original cataloging agency dpl
Language of cataloging English
082 ## - DEWEY DECIMAL CLASSIFICATION NUMBER
Classification number 658.8
100 ## - MAIN ENTRY--PERSONAL NAME
Personal name Gupta, C.B.
245 ## - TITLE STATEMENT
Title Marketing management /
Statement of responsibility, etc by C.B. Gupta [and] N. Rajan Nair
250 ## - EDITION STATEMENT
Edition statement 12th thoroughly rev. ed.
260 ## - PUBLICATION, DISTRIBUTION, ETC. (IMPRINT)
Place of publication, distribution, etc New Delhi
Name of publisher, distributor, etc Sultan Chand
Date of publication, distribution, etc 2009
270 ## - ADDRESS
Address 23, Daryaganj
City New Delhi
Postal code 110 002
Telephone number 23243183, 23247051
Fax number 011-23266357
300 ## - PHYSICAL DESCRIPTION
Extent various paging
Dimensions 24cm(pbk)
500 ## - GENERAL NOTE
General note Includes bibliographical references and index
650 ## - SUBJECT ADDED ENTRY--TOPICAL TERM
Topical term or geographic name as entry element Markeating Management
700 ## - ADDED ENTRY--PERSONAL NAME
Personal name Nair, N. Rajan
942 ## - ADDED ENTRY ELEMENTS (KOHA)
Institution code [OBSOLETE] dpl
Item type English Books
Source of classification or shelving scheme Dewey Decimal Classification
Classification part 658.8
Call number suffix GUP
Holdings
Withdrawn status Lost status Source of classification or shelving scheme Damaged status Not for loan Collection code Home library Current library Date acquired Source of acquisition Cost, normal purchase price Total Checkouts Full call number Barcode Date last seen Copy number Cost, replacement price Koha item type
    Dewey Decimal Classification   Not For Loan Non-fiction D.B.Act.Division D.B.Act.Division 13/06/2009 DBAD / PUB 235.00   658.8 GUP EN-77506 13/06/2009 1 235.00 English Books

© Delhi Public Library
Hit Counter
free hit counter